'Stan' First-Level Subdivisions Map Quiz - Statistics

General Stats
  • This quiz has been taken 116 times
  • The average score is 9 of 17
Answers on the Map
Answers color-coded by a green-red scale on the quiz's map according to % correct below.
 
Answer Stats
Answer % Correct
Dagestan
76%
Tatarstan
74%
Balochistan
72%
East Kazakhstan
72%
North Kazakhstan
72%
Bashkortostan
71%
West Kazakhstan
67%
Kurdistan
60%
Gilgit-Baltistan
52%
Karakalpakstan
52%
Sistan and Baluchestan
50%
Turkistan
38%
Golestan
34%
Gobustan
31%
Khuzestan
31%
Lorestan
29%
Nuristan
29%
No matching quizzes found
Score Distribution
Percent of People with Each Score
Percentile by Number Answered
Your Score History
You have not taken this quiz